000 01036nam a2200313 i 4500
003 EG-GICUC
005 20260124142800.0
008 260124s1957 sy ||||fr ||| 00| 0 eng d
040 _aEG-GICUC
_cEG-GICUC
_dEG-GICUC
_erda
_bara
041 0 _aeng
082 0 4 _221
_a341.48
_bDA . A
092 0 4 _221
099 _aLaw1 11 341.48 DA . A 1957
110 _aThe Damascus Bar Association
_eAuthor.
245 1 2 _aAfro-Asian Jurists Conference /
_cThe Damascus Bar Association .
246 _aمؤتمر الحقوقين الآسيويين الأفريقيين
264 0 _aDumascus :
_bThe Damascus Bar Association ,
_c1957 .
300 _a261 Pages;
_c30 cm.
336 _atext
_2rda content
337 _aComputer
_2rda media
338 _aOnline Resource
_2rda carrier
546 _aالنص باللغة الإنجليزية
650 0 4 _aPublic international law
650 0 4 _ahuman rights
651 1 _2qrmak
856 _uhttps://fll.law.cu.edu.eg/fulltext/th/B11-05654.pdf
905 _a59
942 _2ddc
_cBK
_e21
_n0
999 _c58887
_d58887